000 00771nam a2200181Ia 4500
008 090630s9999 xx 000 0 und d
082 _b28064
100 _aनायक जे. व्ही.
245 _aलोकमान्य टिळक आणि गीता रहस्य.
_cनायक जे. व्ही.
260 _bलोकमान्य स्मारक ट्रस्ट - पुणे.
_c2005
300 _a46
600 _aनायक जे. व्ही.
630 _aलोकमान्य टिळक आणि गीता रहस्य.
655 _aइतर.
700 _aनायक जे. व्ही.
730 _aलोकमान्य टिळक आणि गीता रहस्य.
942 _cBOOK
999 _c279920
_d279920